Flexible Working Forms and the Impact of the COVID-19 Pandemic

Guardado en:
Detalles Bibliográficos
Autor principal: Gontkovičová, Barbora, 1986-
Formato: Capítulo de libro
Lenguaje:inglés
Materias:
Etiquetas: Agregar Etiqueta
Sin Etiquetas, Sea el primero en etiquetar este registro!

MARC

LEADER 00000naa$a2200000$$$4500
001 0288266
005 20240502074423.1
041 0 |a eng 
044 |a SK 
245 1 0 |a Flexible Working Forms and the Impact of the COVID-19 Pandemic  |c Barbora Gontkovičová 
500 |a Abstrakt 
610 2 0 |a trh práce 
610 2 0 |a zamestnanci 
610 2 0 |a koronavírus 
100 1 |a Gontkovičová, Barbora, 1986-